000 00574nam a22002057a 4500
003 OSt
005 20240625102501.0
008 240625b |||||||| |||| 00| 0 eng d
020 _a0749251565
040 _cmust
082 _a576.5 LIV 2000
245 _aliving processes:
_bprocess of heredity book 4/
_cedited by Steve Jones and Kay Taylor
260 _aUk:
_bthe open university;
_c2000.
300 _a256p.:
_bcol.ill;
_c27cm.
504 _aincludes index
600 _2Biology
700 _aJones, Steve
_917753
700 _aTaylor, Kay
_917754
942 _2z
_cO_SHELF
999 _c8784
_d8784